| 000 | 00448nam a2200169 4500 | ||
|---|---|---|---|
| 005 | 20260206124026.0 | ||
| 008 | 260206b |||||||| |||| 00| 0 eng d | ||
| 020 | _a978-93-5521-788-2 | ||
| 041 | _aEnglish | ||
| 082 |
_aX 923.2 TIW _bB12201 |
||
| 100 |
_aTiwari, Arun K. _9216649 |
||
| 245 | _aSocrates: A complete biography | ||
| 260 |
_aNew Delhi _bPrabhat prakashan _c2025 |
||
| 300 |
_a167p _bpb |
||
| 365 |
_aRupaye _b350 _cINR |
||
| 942 | _cBK | ||
| 999 |
_c370352 _d370352 |
||